| 000 | 00559cam a2200217 4500 | ||
|---|---|---|---|
| 008 | 020917n2001 000 0 eng u | ||
| 020 | _a1860815243 | ||
| 035 | _a(Sirsi) u119701 | ||
| 050 | _a697 | ||
| 100 | _aGrigg, P. | ||
| 245 | 4 | _aThe carbon performance rating for offices | |
| 260 |
_aLondon _bCRC _c2001 |
||
| 300 |
_a12p. _bill. _c30cm. |
||
| 490 |
_aDigest _v457 |
||
| 650 | _aCARBON PERFORMANCE RATING | ||
| 650 | _aENERGY EFFICIENCY | ||
| 650 | _aOFFICE BUILDINGS | ||
| 650 | _aOFFICES | ||
| 690 |
_aBlock management _96220 |
||
| 942 | _n0 | ||
| 999 |
_c102359 _d102359 |
||